000 00370nam a2200145Ia 4500
008 231129s1999||||xx |||||||||||||| ||spa||
020 _a84-8265-092-0
040 _bspa
082 _aF843 M452e
100 _aMaupassant Guy de
245 0 _aBel Ami
260 _c1999
264 _aClub Internacional del Libro
942 _2ddc
_cBKS
999 _c6096
_d6096